| 000 | 00482cam a22001812a 4500 | ||
|---|---|---|---|
| 001 | 011992 | ||
| 003 | AR-FADEU | ||
| 008 | 311216n1967####xxu####################dd | ||
| 092 |
_a379.173 _bM238 |
||
| 100 | _aMalassis, L. | ||
| 245 | _aEl desarrollo económico y el planeamiento de la educación rural | ||
| 260 | _aParís | ||
| 260 | _bUnesco | ||
| 260 | _c1967 | ||
| 300 | _a57 p | ||
| 650 | _aDESARROLLO ECONOMICO; PLANEAMIENTO; EDUCACION RURAL; ECONOMIA | ||
| 942 | _cBDGR | ||
| 999 |
_c17765 _d17765 |
||